000 00819nam a22002297a 4500
999 _c13793
_d13793
003 AR-CdUCM
008 190416b ||||| |||| 00| 0 spa d
040 _aMUNICIPALIDAD PROVINCIAL DEL CUSCO
_cBIBLIOTECA MUNICIPAL DEL CUSCO
082 _22ed.
_a869.56 /
_bZ38
100 _aZárate Plasencia, Fidel A.
_932355
245 _aLos lares iluminados /
260 _aLima :
_bLa Floralia del Inca,
_c1970.
300 _a429 páginas ;
_c21 cm.
500 _aHomenaje al centenario de la creación política de la provincia de Contumaza en el departamento de Cajamarca, 20 de agosto de 1872-1972.
505 _aContenido: Cuentos.
650 _aLiteratura Peruana
_9132
650 _aCuentos
_9217
650 _aSiglo XX
_98
650 _aCrítica literaria
_92609
942 _2ddc
_cLIBROS
945 _aachl
_d2019-04-16